Immigració, igualtat i convivència : un repte pel voluntariat social : memòria 2004 un repte pel voluntariat social :
Publicado:
Barcelona :
Federació Catalana de Voluntariat Social. Unitat Territorial de Barcelona ,
2005
Descripción Física:
[45] f. ; 29 cm
MARC
| LEADER | 00000nam a2200000Ia 4500 | ||
|---|---|---|---|
| 001 | 22471 | ||
| 003 | BGR | ||
| 005 | 20260324180132.0 | ||
| 008 | 160829s2005 xx 000 0 cat d | ||
| 080 | |a S-1-317 | ||
| 245 | |a Immigració, igualtat i convivència : |b un repte pel voluntariat social : |b memòria 2004 | ||
| 260 | |a Barcelona : |b Federació Catalana de Voluntariat Social. Unitat Territorial de Barcelona, |c 2005 | ||
| 300 | |a [45] f. ; |c 29 cm | ||
| 590 | |a Inclou un recull de premsa. | ||
| 590 | |a Prové de G-228 | ||
| 650 | 0 | |a Emigració i immigració |9 30616 | |
| 650 | |a Voluntariat |9 42166 | ||
| 650 | 0 | |a Voluntaris socials |9 47411 | |
| 650 | |a Igualtat |9 45795 | ||
| 650 | |a Convivència |9 45796 | ||
| 710 | 2 | |a Federació Catalana de Voluntariat Social |9 57907 | |
| 901 | |a Arxiu | ||
| 942 | |n 1 |2 udc |c MON | ||
| 952 | |0 0 |1 0 |4 0 |6 S1317 |7 1 |9 53859 |a Arxiu |b Arxiu |d 2016-12-01 |l 0 |o S-1-317 |p 22471 |r 2016-12-01 00:00:00 |w 2016-12-01 |y ARXIU | ||
| 999 | |c 57725 |d 57725 | ||